| 000 | 00856nas a2200265 4500 | ||
|---|---|---|---|
| 001 | BR7700970 | ||
| 003 | BR-BrBNA | ||
| 005 | 20231205083102.0 | ||
| 007 | ta | ||
| 008 | 230509b bl.|||p| |||| 00| 00por d | ||
| 040 |
_aBR-BrBNA _bpor _cBiblioteca Nacional de Agricultura |
||
| 041 | _a(Pt) | ||
| 072 | _aL70 | ||
| 100 | 1 | _aWerner, P.R. | |
| 100 | 1 | _aSampaio, R. | |
| 100 | 1 | _aMartinez Coneo, H. | |
| 100 | 1 | _aOliveira, H.P. | |
| 245 | 1 | _aAnestesia regional intravenosa de membros pelvicos de bovinos pela xilocaina associada ou nao a hialuronidase | |
| 650 | _aVETERINARIA | ||
| 650 | _aBOVINO | ||
| 650 | _aANESTESIA | ||
| 773 | 0 |
_tArquivos da Escola de Veterinaria da Universidade Federal de Minas Gerais (Brazil) _xISSN 0102-0935 _g(1976), v. 28(3) p. 285-296 _wBR7700970 |
|
| 909 |
_a202311 _bLúcia _c55 _dLúcia Elande |
||
| 942 |
_2AGRIS _n0 _cANA |
||
| 999 |
_c96301 _d96301 |
||